1330 1647 1543 1025 1763 1423 1212 1013 1358 1447 1400 1115 1174 1124 1107 1421 1718 1693 1949 1134 1610 1684 1931 1496 1266 1396 1958 1375 1632 1385 1646 1176 1874 1624 1587 1533 1315 1018 1914 1536 1458 1847 1442 1549 1721 1814 1739 1731 1859 1434 1112 1643 1183 1674 1176 1277 1140 1050 1345 1657 1532 1432 1460 1884 1517 1765 1285 1056 1069 1567 1940 1881 1968 1663 1529 1377 1790 1333 1973 1568 1535 1118 1741 1290 1904 1055 1701 1923 1867 1980 1905 1457 1167 1944 1006 1630 1845 1363 1923 BCNSPRNW ULIB Ver.6.0+V

เปลี่ยนเป็นภาษาไทย

Change to English
 แสดงรายละเอียดบรรณานุกรม
  กลับหน้าหลัก

Brief Record : Get Marc (ISO 2709) : E-mail record : QR code < ปิดหน้าต่าง
LEADER : 00000nam 2200000uu 4500
001    13399127163
003     ULIB
008    191018s2562||||th 000 0 tha d
020 ^- ^a9786160036073
050 ^- ^aนว.^bบ895อ^cล.1
100 ^- ^aแบมแบม.
245 10 ^aอาณาจักรพระอาทิตย์ เล่ม 1- 2 (SETTING SUN) /^cแบมแบม.
250 ^- ^aพิมพ์ครั้งที่ 1.
260 ^- ^aปทุมธานี :^bDeep,^c2562
300 ^- ^a308 หน้า.
945    ^p325^l0^i006349
999    ^aประนอม เกษจรัล
รายการนี้ยังไม่มีแท็ก
คุณยังไม่ได้ล็อกอิน คุณสามารถมีกิจกรรมร่วมกับเว็บไซต์ได้ แต่ต้องล็อกอินก่อน ::
  ล็อกอิน

รายการสื่อสารสนเทศ

ลำดับที่ ประเภท เลขเรียก/บาร์โค้ด สถานที่ สถานะ
1. นวนิยาย
นวนิยาย
นว. บ895อ ล.1 ฉ.1 
  Barcode: 006349
ห้องสมุดวิทยาเขตนครสวรรค์
►นวนิยาย:l:Fiction
บนชั้น

รายการใกล้เคียง
    ผู้แต่ง [แบมแบม.]

BibComment


ยังไม่เคยถูกคอมเมนท์

คอมเมนท์ทรัพยากรรายการนี้
  คอมเมนท์: อาณาจักรพระอาทิต..


 Copyright 2026. Bcnsprnw @Library